| 000 | 00567nam a22001937a 4500 | ||
|---|---|---|---|
| 005 | 20251108164025.0 | ||
| 008 | 250721s1999 xx 000 0 ara d | ||
| 082 | 1 | 4 | _a609.56/كرن |
| 100 | 1 | _aكرنيب، حسين | |
| 245 | 1 | 0 |
_aتاريخ العلوم عند العرب : _bمنها لصف البكالوريا ... / |
| 264 | 1 |
_aبيروت : _bدار اليوسف، _c1999. |
|
| 300 | _a66ص | ||
| 650 | 1 | 7 | _aالعلوم |
| 650 | 1 | 7 | _aالتاريخ الإسلامي |
| 650 | 1 | 7 | _aالطب |
| 650 | 1 | 7 | _aالصيدلة |
| 942 |
_2ddc _cBK |
||
| 999 |
_c1669 _d1669 |
||